000 00393nam a2200157Ia 4500
008 210716s2002 xx 000 0 und d
020 _a8120322983
041 _aeng
082 _a004.6005 BUYJ
100 _aBuyens, Jim.
245 _aTroubleshooting frontpage 2002.
250 _a1
260 _aNew Delhi
_bPrentice Hall of India PVt Ltd
_c2002
300 _axviii,363
650 _aNone
999 _c187543
_d187543